| 000 | 00534nam a22001937a 4500 | ||
|---|---|---|---|
| 999 |
_c525159 _d525159 |
||
| 003 | NUST | ||
| 005 | 20190628073311.0 | ||
| 008 | 190628b ||||| |||| 00| 0 eng d | ||
| 038 | _awaseem | ||
| 082 |
_a891.423 _bAHM |
||
| 100 |
_aAhmad, Ali Anwar _915915 |
||
| 245 |
_aSheesha ty Hamam / _cAli Anwar Ahmad |
||
| 260 |
_aLahore : _bPunjabi Markaz, _c2007. |
||
| 300 | _a128 p. ; | ||
| 500 | _aHardcover. | ||
| 880 |
_6100-01\r _a علی انور احمد |
||
| 880 |
_6245-02\r _a شیشا تےحمام / |
||
| 942 |
_2ddc _cBK |
||